[Event "1. Bundesliga 2019/2020"]
[Site "Volkshaus Bindermichl, Linz"]
[Date "2019.10.10"]
[Round "1"]
[Board "1"]
[White "Navara, David"]
[Black "Krassowizkij, Jaroslaw"]
[Result "1/2-1/2"]
[WhiteElo "2719"]
[BlackElo "2448"]
[PlyCount "118"]
[EventDate "2019.10.10"]
[EventType "team"]
[EventRounds "11"]
[EventCountry "AUT"]
[WhiteTeam "SC MPOE Maria Saal"]
[BlackTeam "SK Sparkasse Goetzis"]

1.d4 d5 2.c4 e6 3.Nc3 Nf6 4.cxd5 Nxd5 5.e4 Nxc3 6.bxc3 c5 7.Nf3 cxd4 8.cxd4 Bb4+ 9.Bd2
Bxd2+ 10.Qxd2 O-O 11.Rc1 b6 12.h4 Bb7 13.Bd3 Nc6 14.Bb1 Qd6 15.h5 Rfd8 16.e5 Qb4 17.Be4
Rac8 18.Bxc6 Qxd2+ 19.Kxd2 Bxc6 20.h6 gxh6 21.Kd3 Rd5 22.Ke3 Ra5 23.Rxh6 Bb7 24.Rxc8+
Bxc8 25.Ng5 Ra3+ 26.Kf4 Rxa2 27.Kg3 Bd7 28.Nxh7 Kg7 29.Rh4 Bc6 30.Nf6 a5 31.Rh7+ Kf8
32.Rh8+ Ke7 33.Rc8 Rc2 34.Rc7+ Kd8 35.Rxf7 Rd2 36.d5 Bxd5 37.Rd7+ Kc8 38.Rd6 Kc7 39.Nxd5+
Rxd5 40.Rxe6 a4 41.Kf4 a3 42.Rh6 a2 43.Rh1 b5 44.Ra1 Rd2 45.Ke3 Rb2 46.g4 b4 47.g5
b3 48.g6 Rxf2 49.Kxf2 b2 50.Rxa2 b1=Q 51.Re2 Kd7 52.g7 Qg6 53.e6+ Ke7 54.Rb2 Qf6+
55.Ke1 Qc3+ 56.Rd2 Qg3+ 57.Kf1 Qf3+ 58.Kg1 Qe3+ 59.Kf1 Qf3+ 1/2-1/2

[Event "1. Bundesliga 2019/2020"]
[Site "Volkshaus Bindermichl, Linz"]
[Date "2019.10.10"]
[Round "1"]
[Board "6"]
[White "Neyman, Igor"]
[Black "Naumann, Alexander"]
[Result "0-1"]
[WhiteElo "2345"]
[BlackElo "2539"]
[PlyCount "68"]
[EventDate "2019.10.10"]
[EventType "team"]
[EventRounds "11"]
[EventCountry "AUT"]
[WhiteTeam "SK Sparkasse Goetzis"]
[BlackTeam "SC MPOE Maria Saal"]

1.d4 Nf6 2.c4 g6 3.Nc3 d5 4.cxd5 Nxd5 5.e4 Nxc3 6.bxc3 Bg7 7.Nf3 c5 8.Be3 Qa5 9.Qd2
O-O 10.Rc1 Rd8 11.d5 e6 12.Bg5 f6 13.Be3 Nc6 14.Bd3 Ne7 15.c4 Qxd2+ 16.Nxd2 b6 17.Ke2
f5 18.f3 Re8 19.Kf2 Ba6 20.Bc2 fxe4 21.fxe4 Rf8+ 22.Nf3 Bxc4 23.d6 Nc6 24.Ba4 Ne5
25.Rxc4 Nxc4 26.d7 Rad8 27.Bg5 Bf6 28.Bxf6 Rxf6 29.Ke2 Rf4 30.Ng5 h6 31.g3 Rg4 32.Nxe6
Rxe4+ 33.Kd3 Rxe6 34.Kxc4 Re4+ 0-1

[Event "1. Bundesliga 2019/2020"]
[Site "Volkshaus Bindermichl, Linz"]
[Date "2019.10.10"]
[Round "1"]
[Board "4"]
[White "Froewis, Georg"]
[Black "Schreiner, Peter"]
[Result "1-0"]
[WhiteElo "2459"]
[BlackElo "2440"]
[PlyCount "185"]
[EventDate "2019.10.10"]
[EventType "team"]
[EventRounds "11"]
[EventCountry "AUT"]
[WhiteTeam "mpimmo Wien - SK Ottakring"]
[BlackTeam "SV Raika Rapid Feffernitz"]

1.Nf3 c5 2.b3 d6 3.d4 cxd4 4.Nxd4 Nc6 5.Bb2 Nxd4 6.Qxd4 Nf6 7.e4 e5 8.Qe3 Be7 9.Bb5+
Nd7 10.O-O O-O 11.Rd1 Nf6 12.Be2 Qc7 13.c4 Ng4 14.Bxg4 Bxg4 15.f3 Be6 16.Nc3 Qc5 17.Qxc5
dxc5 18.Nd5 Bd6 19.Rd2 Rfe8 20.Rad1 Bb8 21.Kf2 f6 22.Ba3 b6 23.b4 cxb4 24.Bxb4 Kf7
25.Ba3 Rd8 26.c5 bxc5 27.Bxc5 Bd6 28.Be3 Rd7 29.Nxf6 gxf6 30.Rxd6 Rxd6 31.Rxd6 Bxa2
32.Rd7+ Kg6 33.Bxa7 h5 34.h4 Rc8 35.Be3 Rc2+ 36.Bd2 Be6 37.Rd8 Kf7 38.Ke1 Rc8 39.Rd6
Rb8 40.Rc6 Rc8 41.Ra6 Rb8 42.Ra7+ Kg6 43.Re7 Rb6 44.Bc3 Rc6 45.Kd2 Rd6+ 46.Kc2 Bc4
47.Ra7 Ra6 48.Rd7 Be6 49.Rc7 Ra2+ 50.Bb2 Ra8 51.Kd2 Rc8 52.Rb7 Rc6 53.g3 Rd6+ 54.Kc2
Bc4 55.Ba3 Rd8 56.Be7 Ra8 57.f4 exf4 58.gxf4 f5 59.e5 Kf7 60.Bb4+ Kg6 61.Rb6+ Kg7
62.Kc3 Ra6 63.Rf6 Be6 64.Bf8+ Kg8 65.Bd6 Bd7 66.Rf8+ Kg7 67.Rd8 Be6 68.Re8 Bf7 69.Re7
Kg6 70.Kb4 Rc6 71.Kb5 Bd5 72.Bc5 Re6 73.Ra7 Re8 74.Ra6+ Be6 75.Ra1 Kf7 76.Bd6 Bd5
77.Ra7+ Ke6 78.Rh7 Bf3 79.Kc5 Rc8+ 80.Kd4 Re8 81.Rh6+ Kd7 82.Bc5 Re6 83.Rh7+ Ke8 84.Bd6
Rg6 85.Re7+ Kd8 86.Rf7 Be4 87.Rh7 Bf3 88.Be7+ Ke8 89.Bf6 Kf8 90.Rc7 Be4 91.Rc1 Kf7
92.Rc8 Ke6 93.Rc7 1-0

[Event "1. Bundesliga 2019/2020"]
[Site "Volkshaus Bindermichl, Linz"]
[Date "2019.10.10"]
[Round "1"]
[Board "4"]
[White "Moser, Guenter"]
[Black "Henrichs, Thomas"]
[Result "0-1"]
[WhiteElo "2267"]
[BlackElo "2455"]
[PlyCount "60"]
[EventDate "2019.10.10"]
[EventType "team"]
[EventRounds "11"]
[EventCountry "AUT"]
[WhiteTeam "Union Ansfelden"]
[BlackTeam "SK Hohenems"]

1.d4 Nf6 2.c4 g6 3.Nc3 d5 4.Bf4 Bg7 5.e3 c5 6.dxc5 Qa5 7.Rc1 dxc4 8.Bxc4 O-O 9.Nf3
Qxc5 10.Qe2 Nc6 11.O-O Nh5 12.Bc7 Na5 13.Ne4 Qf5 14.Bd3 Nc6 15.Nc5 Qf6 16.Be4 Qxb2
17.Qxb2 Bxb2 18.Rb1 Ba3 19.Nxb7 Bd7 20.Na5 Rac8 21.Rb7 Nxa5 22.Bxa5 Nf6 23.Ne5 Be6
24.Bd3 Rc5 25.Rb5 Rfc8 26.Rfb1 a6 27.Rb8 Rxb8 28.Rxb8+ Kg7 29.Be1 Rxe5 30.Bxa6 Rc5 0-1

[Event "1. Bundesliga 2019/2020"]
[Site "Volkshaus Bindermichl, Linz"]
[Date "2019.10.10"]
[Round "1"]
[Board "5"]
[White "Baenziger, Fabian"]
[Black "Mostbauer, Florian"]
[Result "1/2-1/2"]
[WhiteElo "2409"]
[BlackElo "2302"]
[PlyCount "62"]
[EventDate "2019.10.10"]
[EventType "team"]
[EventRounds "11"]
[EventCountry "AUT"]
[WhiteTeam "SK Hohenems"]
[BlackTeam "Union Ansfelden"]

1.d4 d5 2.c4 c6 3.Nf3 Nf6 4.Nc3 dxc4 5.a4 Bf5 6.e3 e6 7.Bxc4 Bb4 8.O-O O-O 9.Qe2 Ne4
10.Ne5 Nd7 11.Nxd7 Qxd7 12.Na2 Ba5 13.f3 Nd6 14.Bb3 Bg6 15.e4 Kh8 16.Nc3 f5 17.Bf4
fxe4 18.fxe4 Nxe4 19.Qe3 Nxc3 20.bxc3 Qe7 21.Be5 Bc7 22.Bxc7 Qxc7 23.Qxe6 Bd3 24.Rxf8+
Rxf8 25.Bc4 Bxc4 26.Qxc4 Qf4 27.Qe2 h6 28.Re1 b5 29.Qe3 Qc7 30.Qe7 Qf4 31.Qe3 Qc7 1/2-1/2

[Event "1. Bundesliga 2019/2020"]
[Site "Volkshaus Bindermichl, Linz"]
[Date "2019.10.10"]
[Round "1"]
[Board "1"]
[White "Nisipeanu, Liviu-Dieter"]
[Black "Heberla, Bartlomiej"]
[Result "1/2-1/2"]
[WhiteElo "2655"]
[BlackElo "2571"]
[PlyCount "114"]
[EventDate "2019.10.10"]
[EventType "team"]
[EventRounds "11"]
[EventCountry "AUT"]
[WhiteTeam "SK Sparkasse Jenbach"]
[BlackTeam "SV Pillenkoenig St. Veit"]

1.e4 e5 2.Nf3 Nc6 3.Bb5 a6 4.Ba4 Nf6 5.O-O Be7 6.Re1 d6 7.c3 Bg4 8.d3 O-O 9.Nbd2 Nd7
10.h3 Bh5 11.Bc2 Kh8 12.g4 Bg6 13.b4 Nb6 14.a4 d5 15.a5 Nc8 16.exd5 Qxd5 17.c4 Qd8
18.b5 Nb4 19.Nxe5 Bxd3 20.Nxd3 Nxd3 21.Bxd3 Qxd3 22.Qf3 Qxf3 23.Nxf3 Bb4 24.Bd2 Bxd2
25.Nxd2 Rd8 26.Ne4 h6 27.Red1 Nd6 28.Nxd6 cxd6 29.Rd5 Rac8 30.Rad1 Rxc4 31.bxa6 bxa6
32.Rxd6 Ra8 33.Rd8+ Rxd8 34.Rxd8+ Kh7 35.Rd6 Rc3 36.Kg2 Ra3 37.Rxa6 g5 38.Rf6 Rxa5
39.Rxf7+ Kg6 40.Rd7 Ra3 41.Rd6+ Kg7 42.Re6 Rb3 43.Re3 Rb4 44.Ra3 Kg6 45.Kg3 Rb1 46.h4
Rg1+ 47.Kf3 gxh4 48.Ra6+ Kg7 49.Ra5 Rb1 50.Rh5 Rb3+ 51.Kg2 Kg6 52.Rxh4 Kg5 53.Rh3
Rxh3 54.Kxh3 h5 55.f4+ Kxf4 56.gxh5 Kg5 57.h6 Kxh6 1/2-1/2

[Event "1. Bundesliga 2019/2020"]
[Site "Volkshaus Bindermichl, Linz"]
[Date "2019.10.10"]
[Round "1"]
[Board "5"]
[White "Schlosser, Philipp"]
[Black "Rogic, Davor"]
[Result "1/2-1/2"]
[WhiteElo "2509"]
[BlackElo "2493"]
[PlyCount "63"]
[EventDate "2019.10.10"]
[EventType "team"]
[EventRounds "11"]
[EventCountry "AUT"]
[WhiteTeam "SK Sparkasse Jenbach"]
[BlackTeam "SV Pillenkoenig St. Veit"]

1.Nf3 d5 2.g3 g6 3.Bg2 Bg7 4.d4 Nd7 5.O-O Ngf6 6.c4 dxc4 7.Na3 Nb6 8.Nxc4 Nxc4 9.Qa4+
c6 10.Qxc4 Be6 11.Qa4 Bd5 12.Bf4 O-O 13.Be5 Qb6 14.Qa3 Rfe8 15.e3 Bf8 16.Bxf6 exf6
17.Qc3 Rad8 18.Rfd1 c5 19.dxc5 Bxc5 20.Ne1 Bb4 21.Qc2 Be6 22.b3 Qa5 23.Nf3 Bf5 24.Qe2
Bc3 25.Rac1 b5 26.Nh4 Be6 27.Bc6 Rxd1+ 28.Rxd1 Rb8 29.Bd7 Qb6 30.Bxe6 Qxe6 31.Ng2
Be5 32.Qd3 1/2-1/2

[Event "1. Bundesliga 2019/2020"]
[Site "Volkshaus Bindermichl, Linz"]
[Date "2019.10.10"]
[Round "1"]
[Board "6"]
[White "Ragger, Anna-Christina"]
[Black "Stangl, Markus"]
[Result "0-1"]
[WhiteElo "2203"]
[BlackElo "2437"]
[PlyCount "68"]
[EventDate "2019.10.10"]
[EventType "team"]
[EventRounds "11"]
[EventCountry "AUT"]
[WhiteTeam "SV Pillenkoenig St. Veit"]
[BlackTeam "SK Sparkasse Jenbach"]

1.d4 Nf6 2.Bf4 g6 3.Nc3 Bg7 4.e4 d6 5.Qd2 Nc6 6.Nf3 O-O 7.h4 Bg4 8.d5 e5 9.dxc6 exf4
10.cxb7 Rb8 11.Ba6 c6 12.Qd3 Nd7 13.Qxd6 Qb6 14.Qa3 Nc5 15.Bc4 Rxb7 16.Bb3 Bxc3+ 17.bxc3
Nxe4 18.O-O Bxf3 19.gxf3 Nd2 20.Qd6 Nxf1 21.Rxf1 Qc7 22.Qf6 Re8 23.Rd1 c5 24.h5 Rb6
25.Qh4 Rd6 26.Bxf7+ Kf8 27.Rxd6 Re1+ 28.Kg2 Qxd6 29.hxg6 hxg6 30.Bc4 Kg7 31.Qg4 Qe5
32.Bd3 Qh5 33.Bf1 Qxg4+ 34.fxg4 f3+ 0-1

[Event "1. Bundesliga 2019/2020"]
[Site "Volkshaus Bindermichl, Linz"]
[Date "2019.10.11"]
[Round "2"]
[Board "1"]
[White "Krassowizkij, Jaroslaw"]
[Black "Heberla, Bartlomiej"]
[Result "0-1"]
[WhiteElo "2448"]
[BlackElo "2571"]
[PlyCount "84"]
[EventDate "2019.10.10"]
[EventType "team"]
[EventRounds "11"]
[EventCountry "AUT"]
[WhiteTeam "SK Sparkasse Goetzis"]
[BlackTeam "SV Pillenkoenig St. Veit"]

1.e4 c6 2.d4 d5 3.exd5 cxd5 4.c4 Nf6 5.Nc3 Nc6 6.Bg5 e6 7.Nf3 Be7 8.c5 O-O 9.Bb5 Ne4
10.Bxe7 Nxe7 11.Rc1 b6 12.Bd3 bxc5 13.Nxe4 dxe4 14.Bxe4 Rb8 15.Rxc5 Ba6 16.b3 Qb6
17.Bd3 Qb4+ 18.Ke2 Qa3 19.Qd2 Bxd3+ 20.Kxd3 Nd5 21.Ne5 Qa6+ 22.Ke4 Qb7 23.Kf3 Ne7+
24.Kg3 f6 25.Nf3 Nf5+ 26.Kh3 Nd6 27.Qe2 Ne4 28.Rhc1 Nxc5 29.dxc5 e5 30.g3 Qc6 31.Rc4
Rfd8 32.Ne1 Rd5 33.b4 Rbd8 34.Rc2 a6 35.Ng2 Rd4 36.a3 Qe6+ 37.g4 h5 38.Ne3 hxg4+ 39.Kg2
Qc6+ 40.Kg3 Qh1 41.Rc3 Qg1+ 42.Ng2 Rd2 0-1

[Event "1. Bundesliga 2019/2020"]
[Site "Volkshaus Bindermichl, Linz"]
[Date "2019.10.11"]
[Round "2"]
[Board "2"]
[White "Brkic, Ante"]
[Black "Walter, Stefan"]
[Result "1/2-1/2"]
[WhiteElo "2595"]
[BlackElo "2390"]
[PlyCount "153"]
[EventDate "2019.10.10"]
[EventType "team"]
[EventRounds "11"]
[EventCountry "AUT"]
[WhiteTeam "SV Pillenkoenig St. Veit"]
[BlackTeam "SK Sparkasse Goetzis"]

1.e4 e5 2.Nf3 Nc6 3.Bb5 a6 4.Ba4 Nf6 5.O-O Be7 6.Re1 b5 7.Bb3 d6 8.c3 O-O 9.h3 Na5
10.Bc2 c5 11.d4 Nd7 12.Nbd2 exd4 13.cxd4 Nc6 14.d5 Nce5 15.a4 Bb7 16.Nxe5 Nxe5 17.f4
Nd7 18.Nf3 Re8 19.a5 Bf6 20.Ra3 g6 21.Qd2 Bg7 22.Rae3 c4 23.e5 dxe5 24.fxe5 Qc7 25.b4
cxb3 26.Bxb3 Nxe5 27.Nxe5 Rxe5 28.d6 Qc5 29.Qf2 Rxe3 30.Bxe3 Qc6 31.Qxf7+ Kh8 32.Re2
Qe4 33.d7 Bc6 34.Be6 Qd3 35.Kf2 Bxd7 36.Rd2 Bxe6 37.Qxg7+ Kxg7 38.Rxd3 Kf6 39.Rd6
Ke5 40.Rb6 Rf8+ 41.Kg3 Bc8 42.Rb8 Ke4 43.Bh6 Re8 44.Kh4 Kd3 45.Kg5 Re5+ 46.Kf6 Rc5
47.Ke7 Kc4 48.Kd8 Bf5 49.Rb6 Rc8+ 50.Ke7 Be4 51.Rxa6 Bxg2 52.h4 b4 53.Rb6 Rc7+ 54.Kf6
b3 55.a6 Bd5 56.Bf4 Rf7+ 57.Kg5 Rf5+ 58.Kg4 Kc3 59.Bh6 Rf7 60.Bf4 Re7 61.Bg5 Re4+
62.Kg3 Ra4 63.Bf6+ Kc2 64.Be5 Bc4 65.Rb7 Rxa6 66.Rxh7 b2 67.Bxb2 Kxb2 68.h5 g5 69.Rg7
Ra3+ 70.Kf2 Ra5 71.h6 Ra6 72.h7 Rh6 73.Kg3 Bd3 74.Kg4 Bxh7 75.Kxg5 Rg6+ 76.Rxg6 Bxg6
77.Kxg6 1/2-1/2

[Event "1. Bundesliga 2019/2020"]
[Site "Volkshaus Bindermichl, Linz"]
[Date "2019.10.11"]
[Round "2"]
[Board "3"]
[White "Kessler, Luca"]
[Black "Saric, Ante"]
[Result "0-1"]
[WhiteElo "2434"]
[BlackElo "2541"]
[PlyCount "90"]
[EventDate "2019.10.10"]
[EventType "team"]
[EventRounds "11"]
[EventCountry "AUT"]
[WhiteTeam "SK Sparkasse Goetzis"]
[BlackTeam "SV Pillenkoenig St. Veit"]

1.c4 Nf6 2.Nf3 b6 3.g3 c5 4.Bg2 Bb7 5.O-O g6 6.Nc3 Bg7 7.d4 cxd4 8.Qxd4 d6 9.Rd1 Nbd7
10.Be3 Rc8 11.Rac1 a6 12.b3 O-O 13.Qh4 Re8 14.Bh6 Rc5 15.Bxg7 Kxg7 16.Qd4 Qa8 17.Na4
Ra5 18.Qd2 Qd8 19.Nc3 Rc5 20.Na4 Rc7 21.Qb4 Qb8 22.Qd2 Rec8 23.Qe3 b5 24.Nb2 Bxf3
25.exf3 Qb6 26.Qd2 d5 27.cxd5 Rxc1 28.Rxc1 Rxc1+ 29.Qxc1 Qd4 30.f4 Nb6 31.Qc2 Nbxd5
32.Bxd5 Nxd5 33.Nd3 Nc3 34.a3 Ne4 35.Kg2 f6 36.Kf3 g5 37.h3 Nd6 38.g4 Qe4+ 39.Kg3
gxf4+ 40.Kh2 Nf7 41.Nb4 Qf3 42.Qc5 h5 43.Nd5 hxg4 44.hxg4 Qxg4 45.Nxe7 Ne5 0-1

[Event "1. Bundesliga 2019/2020"]
[Site "Volkshaus Bindermichl, Linz"]
[Date "2019.10.11"]
[Round "2"]
[Board "4"]
[White "Antoniewski, Rafal"]
[Black "Anistratov, Dmitrij"]
[Result "1-0"]
[WhiteElo "2492"]
[BlackElo "2237"]
[PlyCount "97"]
[EventDate "2019.10.10"]
[EventType "team"]
[EventRounds "11"]
[EventCountry "AUT"]
[WhiteTeam "SV Pillenkoenig St. Veit"]
[BlackTeam "SK Sparkasse Goetzis"]

1.d4 d6 2.Nf3 Nf6 3.c4 g6 4.Nc3 Bg7 5.Bg5 O-O 6.e3 c5 7.d5 Qb6 8.Rb1 h6 9.Bh4 e5 10.Nd2
Nh7 11.f3 f5 12.e4 Nd7 13.Qc2 Ndf6 14.exf5 gxf5 15.Bd3 Nh5 16.Ne2 Nf4 17.Nxf4 exf4
18.O-O Bd7 19.Bf2 Qd8 20.b4 b6 21.Rfe1 Rf7 22.bxc5 bxc5 23.Rb7 Nf8 24.Qc1 Ng6 25.Qa3
Ne5 26.Bf1 a5 27.Reb1 a4 28.Qc1 Kh7 29.Kh1 Bf6 30.R1b6 Qf8 31.Nb1 Ng6 32.Nc3 Be5 33.Nb5
Bxb5 34.cxb5 Qg7 35.Rxf7 Qxf7 36.Qc2 Ra7 37.Bd3 Ne7 38.Rb8 Bd4 39.b6 Rd7 40.Bxd4 cxd4
41.b7 Kg7 42.Qb1 Qxd5 43.Rg8+ Qxg8 44.b8=Q Rd8 45.Qa7 Kf6 46.Qxd4+ Kg6 47.Qe1 Nc6
48.Bxf5+ Kg5 49.Qh4+ 1-0

[Event "1. Bundesliga 2019/2020"]
[Site "Volkshaus Bindermichl, Linz"]
[Date "2019.10.11"]
[Round "2"]
[Board "5"]
[White "Gretz, Denis"]
[Black "Drnovsek, Gal"]
[Result "1/2-1/2"]
[WhiteElo "2318"]
[BlackElo "2387"]
[PlyCount "77"]
[EventDate "2019.10.10"]
[EventType "team"]
[EventRounds "11"]
[EventCountry "AUT"]
[WhiteTeam "SK Sparkasse Goetzis"]
[BlackTeam "SV Pillenkoenig St. Veit"]

1.e4 c5 2.Nf3 d6 3.d4 cxd4 4.Nxd4 Nf6 5.Nc3 a6 6.Be3 e5 7.Nb3 Be6 8.Be2 Be7 9.Qd3
Nbd7 10.Nd5 O-O 11.O-O Bxd5 12.exd5 Rc8 13.c4 Ne8 14.Bg4 e4 15.Qxe4 Nef6 16.Qd4 Nxg4
17.Qxg4 Ne5 18.Qe2 Nxc4 19.Bd4 Bf6 20.Rac1 b5 21.Rfe1 Be5 22.g3 Qf6 23.Bxe5 Qxe5 24.Qxe5
dxe5 25.Rc2 Rfd8 26.Rec1 Ra8 27.Rd1 Rd6 28.Nc5 Nb6 29.Rcd2 Nc4 30.Rc2 Nb6 31.Rcd2
Rc8 32.b4 Nc4 33.Re2 Rcd8 34.Rc1 Ra8 35.a4 Rxd5 36.Nxa6 Rxa6 37.axb5 Rxb5 38.Rxc4
g6 39.f4 1/2-1/2

[Event "1. Bundesliga 2019/2020"]
[Site "Volkshaus Bindermichl, Linz"]
[Date "2019.10.11"]
[Round "2"]
[Board "6"]
[White "Hoelzl, Franz"]
[Black "Neyman, Igor"]
[Result "1/2-1/2"]
[WhiteElo "2292"]
[BlackElo "2345"]
[PlyCount "60"]
[EventDate "2019.10.10"]
[EventType "team"]
[EventRounds "11"]
[EventCountry "AUT"]
[WhiteTeam "SV Pillenkoenig St. Veit"]
[BlackTeam "SK Sparkasse Goetzis"]

1.c4 c6 2.Nf3 d5 3.e3 Nf6 4.Nc3 a6 5.b3 Bf5 6.Bb2 Nbd7 7.d4 e6 8.Bd3 Bxd3 9.Qxd3 Be7
10.O-O O-O 11.Rad1 Qc7 12.e4 dxe4 13.Nxe4 Nxe4 14.Qxe4 Rfe8 15.Rfe1 Rad8 16.Qc2 Bf6
17.Nd2 c5 18.Ne4 Bxd4 19.Bxd4 cxd4 20.Rxd4 Nf8 21.Rdd1 Rxd1 22.Rxd1 Rd8 23.g3 f5 24.Ng5
Rxd1+ 25.Qxd1 h6 26.Nf3 Nd7 27.Qd3 Ne5 28.Nxe5 Qxe5 29.Kg2 Qc7 30.Kg1 Qe5 1/2-1/2

[Event "1. Bundesliga 2019/2020"]
[Site "Volkshaus Bindermichl, Linz"]
[Date "2019.10.11"]
[Round "2"]
[Board "1"]
[White "Jovanovic, Dusan"]
[Black "Nisipeanu, Liviu-Dieter"]
[Result "1/2-1/2"]
[WhiteElo "2412"]
[BlackElo "2655"]
[PlyCount "120"]
[EventDate "2019.10.10"]
[EventType "team"]
[EventRounds "11"]
[EventCountry "AUT"]
[WhiteTeam "SK Sparkasse Bad Voeslau"]
[BlackTeam "SK Sparkasse Jenbach"]

1.Nf3 d5 2.b3 Bf5 3.Bb2 e6 4.e3 h6 5.g3 Nf6 6.Bg2 Be7 7.d3 O-O 8.O-O c5 9.Nbd2 Nc6
10.Ne5 Nxe5 11.Bxe5 Nd7 12.Bb2 Bf6 13.Bxf6 Nxf6 14.Qe2 Qa5 15.Nf3 Rad8 16.Qd2 Qc7
17.Qc3 Rc8 18.a4 Rfd8 19.Nd2 e5 20.Rfe1 e4 21.dxe4 dxe4 22.Nc4 Qd7 23.Qe5 Bh3 24.Qf4
Qe6 25.Rad1 Bxg2 26.Kxg2 Nd5 27.Qe5 Qxe5 28.Nxe5 Nb4 29.Rxd8+ Rxd8 30.Re2 Rd1 31.Nc4
Kf8 32.Rd2 Rxd2 33.Nxd2 Nxc2 34.Nxe4 b6 35.Kf1 Ke7 36.Ke2 Nb4 37.Nc3 Ke6 38.e4 Nc6
39.Kd3 Na5 40.Kc2 Ke5 41.f4+ Kd4 42.e5 a6 43.Nb1 c4 44.bxc4 Nxc4 45.Kb3 h5 46.Kb4
g6 47.Kb3 h4 48.gxh4 Na5+ 49.Kc2 Ke4 50.Nc3+ Kxf4 51.Nd5+ Kxe5 52.Nxb6 Nb7 53.Kd3
Nc5+ 54.Kc4 Nxa4 55.Nxa4 Kf4 56.Nc5 a5 57.Nd7 Kg4 58.Ne5+ Kxh4 59.Nxf7 Kh3 60.Ne5
Kxh2 1/2-1/2

[Event "1. Bundesliga 2019/2020"]
[Site "Volkshaus Bindermichl, Linz"]
[Date "2019.10.11"]
[Round "2"]
[Board "2"]
[White "Svane, Rasmus"]
[Black "Juhasz, Kristof"]
[Result "1/2-1/2"]
[WhiteElo "2613"]
[BlackElo "2472"]
[PlyCount "116"]
[EventDate "2019.10.10"]
[EventType "team"]
[EventRounds "11"]
[EventCountry "AUT"]
[WhiteTeam "SK Sparkasse Jenbach"]
[BlackTeam "SK Sparkasse Bad Voeslau"]

1.d4 Nf6 2.c4 g6 3.Nc3 d5 4.cxd5 Nxd5 5.e4 Nxc3 6.bxc3 Bg7 7.Bc4 c5 8.Ne2 Nc6 9.Be3
O-O 10.O-O b6 11.Rc1 Bb7 12.Qd2 Rc8 13.Rfd1 Na5 14.Bd3 e6 15.f3 cxd4 16.cxd4 Qe7 17.h4
Qxh4 18.Bg5 Qh5 19.e5 Rxc1 20.Rxc1 f6 21.exf6 Bxf6 22.Bxf6 Rxf6 23.Qe3 Qd5 24.Be4
Qd6 25.Bxb7 Nxb7 26.Qe4 Qd5 27.Rc8+ Rf8 28.Rxf8+ Kxf8 29.Qf4+ Ke8 30.Qb8+ Nd8 31.Qxa7
Qa5 32.Qxa5 bxa5 33.Kf2 Nc6 34.Ke3 Nb4 35.a4 Nd5+ 36.Ke4 Ke7 37.Ke5 g5 38.f4 gxf4
39.Nxf4 Nxf4 40.Kxf4 Kf6 41.Ke4 h5 42.Kf4 Kg6 43.Ke5 Kf7 44.Kd6 Kf6 45.Kc6 Kf5 46.Kb5
Ke4 47.Kxa5 Kxd4 48.Kb4 e5 49.Kb3 Kd3 50.a5 e4 51.a6 e3 52.a7 e2 53.a8=Q e1=Q 54.Qd5+
Ke3 55.Qc5+ Kf4 56.Qxh5 Qg3+ 57.Qf3+ Qxf3+ 58.gxf3 Kxf3 1/2-1/2

[Event "1. Bundesliga 2019/2020"]
[Site "Volkshaus Bindermichl, Linz"]
[Date "2019.10.11"]
[Round "2"]
[Board "3"]
[White "Juhasz, Armin"]
[Black "Wagner, Dennis"]
[Result "1/2-1/2"]
[WhiteElo "2373"]
[BlackElo "2581"]
[PlyCount "120"]
[EventDate "2019.10.10"]
[EventType "team"]
[EventRounds "11"]
[EventCountry "AUT"]
[WhiteTeam "SK Sparkasse Bad Voeslau"]
[BlackTeam "SK Sparkasse Jenbach"]

1.d4 Nf6 2.c4 e6 3.Nf3 d5 4.Nc3 Bb4 5.Bg5 h6 6.Bxf6 Qxf6 7.e3 O-O 8.Qb3 c5 9.dxc5
Bxc3+ 10.Qxc3 Qxc3+ 11.bxc3 dxc4 12.Bxc4 Nd7 13.c6 bxc6 14.O-O Nb6 15.Be2 c5 16.Ne5
Bb7 17.Rfd1 Rfd8 18.Bb5 Rac8 19.Nc4 Nxc4 20.Bxc4 Be4 21.Kf1 g5 22.f3 Bc2 23.Rxd8+
Rxd8 24.Ke2 Rb8 25.Kd2 Bg6 26.Kc1 Kg7 27.Bb3 Bd3 28.Bc2 Bc4 29.Rb1 Rb6 30.Rxb6 axb6
31.a3 Kf6 32.Kd2 Ke5 33.g3 Kd6 34.f4 f6 35.Be4 Bd5 36.Bg6 Bc6 37.Kd3 Bb5+ 38.Kd2 e5
39.Bf7 Bf1 40.Ke1 Bg2 41.Kd2 Be4 42.Bc4 Kc6 43.fxe5 fxe5 44.Bd3 Bf3 45.Bc4 Bd5 46.Bd3
Be6 47.Be4+ Kb5 48.Kc2 Kc4 49.Bg6 Kd5 50.Kd3 Bg8 51.Bf5 Bf7 52.Bh7 Be8 53.Bg8+ Kd6
54.Bh7 Bb5+ 55.Ke4 Ba4 56.Kd3 Bc6 57.Bf5 Bg2 58.Bg6 Bd5 59.Bf5 Ba2 60.Kc2 Bd5 1/2-1/2

[Event "1. Bundesliga 2019/2020"]
[Site "Volkshaus Bindermichl, Linz"]
[Date "2019.10.11"]
[Round "2"]
[Board "4"]
[White "Acs, Peter"]
[Black "Miazhynski, Yuri"]
[Result "1-0"]
[WhiteElo "2566"]
[BlackElo "2147"]
[PlyCount "43"]
[EventDate "2019.10.10"]
[EventType "team"]
[EventRounds "11"]
[EventCountry "AUT"]
[WhiteTeam "SK Sparkasse Jenbach"]
[BlackTeam "SK Sparkasse Bad Voeslau"]

1.e4 g6 2.d4 Bg7 3.Nc3 d6 4.Nf3 a6 5.a4 b6 6.h3 Bb7 7.Bd3 Nf6 8.O-O O-O 9.Re1 c5 10.d5
Nbd7 11.Bf4 Qc7 12.Nd2 Nh5 13.Bh2 Bh6 14.Nc4 Nf4 15.Bf1 Ne5 16.Ne3 Bc8 17.g3 Nxh3+
18.Bxh3 Bxh3 19.f4 Nd7 20.g4 f5 21.gxf5 gxf5 22.Qh5 1-0

[Event "1. Bundesliga 2019/2020"]
[Site "Volkshaus Bindermichl, Linz"]
[Date "2019.10.11"]
[Round "2"]
[Board "5"]
[White "Lampl, Gerald"]
[Black "Schlosser, Philipp"]
[Result "0-1"]
[WhiteElo "2120"]
[BlackElo "2509"]
[PlyCount "108"]
[EventDate "2019.10.10"]
[EventType "team"]
[EventRounds "11"]
[EventCountry "AUT"]
[WhiteTeam "SK Sparkasse Bad Voeslau"]
[BlackTeam "SK Sparkasse Jenbach"]

1.d4 d6 2.c4 e5 3.dxe5 dxe5 4.Qxd8+ Kxd8 5.Nc3 Be6 6.b3 Nd7 7.g3 c6 8.Bh3 Bxh3 9.Nxh3
f6 10.f4 Kc7 11.fxe5 Nxe5 12.Bf4 Re8 13.O-O-O g5 14.Bxe5+ Rxe5 15.Nf2 Bc5 16.Nfe4
Be7 17.h4 g4 18.Rdf1 h5 19.Rh2 Kd7 20.Rhf2 Ke6 21.Rf4 f5 22.Ng5+ Bxg5 23.hxg5 Ne7
24.e4 Rf8 25.Ne2 c5 26.Kd2 Ng6 27.exf5+ Rfxf5 28.Rxf5 Rxf5 29.Nf4+ Nxf4 30.gxf4 Rf8
31.Rh1 Kf5 32.Rxh5 Kxf4 33.g6 g3 34.g7 Rg8 35.Ke2 Rxg7 36.Kf1 b6 37.Kg2 Rd7 38.Rh4+
Kg5 39.Re4 Kf5 40.Re8 Kf4 41.Rf8+ Ke3 42.Re8+ Kd2 43.Kxg3 Kc3 44.Kf4 Rd2 45.Re3+ Kb4
46.a4 Rf2+ 47.Kg4 Rb2 48.Re7 Rxb3 49.Rxa7 Kxc4 50.Kf4 Kd4 51.Rd7+ Kc3 52.Ra7 c4 53.Rc7
Rb4 54.Rc6 Kb3 0-1

[Event "1. Bundesliga 2019/2020"]
[Site "Volkshaus Bindermichl, Linz"]
[Date "2019.10.11"]
[Round "2"]
[Board "6"]
[White "Yankelevich, Lev"]
[Black "Dittel, Herbert"]
[Result "1-0"]
[WhiteElo "2461"]
[BlackElo "2012"]
[PlyCount "67"]
[EventDate "2019.10.10"]
[EventType "team"]
[EventRounds "11"]
[EventCountry "AUT"]
[WhiteTeam "SK Sparkasse Jenbach"]
[BlackTeam "SK Sparkasse Bad Voeslau"]

1.d4 Nf6 2.c4 e6 3.Nf3 d5 4.Nc3 Be7 5.Bf4 c6 6.e3 O-O 7.Bd3 dxc4 8.Bxc4 b5 9.Bd3 Bb7
10.O-O a6 11.Ne5 c5 12.dxc5 Bxc5 13.Qc2 Be7 14.Rfd1 Qb6 15.a4 b4 16.Ne4 Nxe4 17.Bxe4
Bxe4 18.Qxe4 Ra7 19.Rac1 Qb7 20.Qc4 h6 21.b3 a5 22.h3 Re8 23.Qe2 f6 24.Qh5 Rf8 25.Ng6
e5 26.Nxf8 Bxf8 27.Bg3 Qf7 28.Qxf7+ Kxf7 29.e4 Nd7 30.Rd5 Be7 31.f3 Nf8 32.Bf2 Ra8
33.Rc7 Ne6 34.Ra7 1-0

[Event "1. Bundesliga 2019/2020"]
[Site "Volkshaus Bindermichl, Linz"]
[Date "2019.10.11"]
[Round "2"]
[Board "1"]
[White "Menezes, Christoph"]
[Black "Hera, Imre"]
[Result "0-1"]
[WhiteElo "2398"]
[BlackElo "2611"]
[PlyCount "70"]
[EventDate "2019.10.10"]
[EventType "team"]
[EventRounds "11"]
[EventCountry "AUT"]
[WhiteTeam "Union Ansfelden"]
[BlackTeam "Spg. Sallegger Tech. Fuerstenfeld/Hartber"]

1.d4 Nf6 2.c4 e6 3.Nf3 b6 4.g3 Bb7 5.Bg2 c5 6.d5 exd5 7.Nh4 g6 8.O-O Bg7 9.cxd5 O-O
10.Nc3 d6 11.Re1 a6 12.a4 Re8 13.h3 Nbd7 14.Rb1 Nh5 15.Kh2 b5 16.Qc2 b4 17.Ne4 Nb6
18.a5 Nxd5 19.Rd1 Qc7 20.Ng5 Nhf6 21.e4 Ne7 22.Qb3 Nc6 23.Rxd6 Nxa5 24.Qd1 h6 25.e5
hxg5 26.exf6 gxh4 27.fxg7 hxg3+ 28.fxg3 Bxg2 29.Kxg2 Nc4 30.Rd7 Qc6+ 31.Qd5 Qxd5+
32.Rxd5 Re1 33.Kf2 Rae8 34.Ra1 R8e2+ 35.Kf3 Ne5+ 0-1